| LEADER 00000nam 2200000uu 4500 |
| 001 13399110893 |
| 003 BCNR |
| 008 110316s2552||||th 000 0 tha d |
| 020 9786115510290
|
| 060 04 WB143^bM294 2552
|
| 245 00 Manual of medical diagnosis /^cบรรณาธิการ, ชุษณาสวนกระต่าย, กมล แก้วกิติณรงค์, กมลวรรณ จุติวรกุล
|
| 250 พิมพ์ครั้งที่ 1
|
| 260 กรุงเทพฯ :^bโรงพิมพ์แห่งจุฬาลงกรณ์มหาวิทยาลัย,^c2552
|
| 300 0350 หน้า ;^c22 ซม.
|
| 440 0 โครงการตำราจุฬาอายุรศาสตร์
|
| 650 2 Diagnosis
|
| 650 2 Physical medicine
|
| 650 2 Symptomatology
|
| 650 7 การวินิจฉัยโรค
|
| 650 7 การแพทย์
|
| 650 7 การตรวจร่างกาย
|
| 650 7 อาการวิทยา
|
| 700 0 ชุษณา สวนกระต่าย,^eบรรณาธิการ
|
| 700 0 กมล แก้วกิติณรงค์ ,^eบรรณาธิการ
|
| 700 0 กมลวรรณ จุติวรกุล,^eบรรณาธิการ
|
| 710 2 จุฬาลงกรณ์มหาวิทยาลัย. ^bคณะแพทยศาสตร์.^bภาควิชาอายุรศาสตร์
|
| 999 ^aบรรณารักษ์
|